Complexity : hierarchical structures and scaling in physics /

Bibliographic Details
Main Author: Badii, R.
Other Authors: Politi, A.
Format: Book
Language:English
Published: Cambridge ; New York : Cambridge University Press, 1997.
Series:Cambridge nonlinear science series ; 6.
Subjects:

MARC

Tag First Indicator Second Indicator Subfields
LEADER 00000cam a2200000 a 4500
001 in00001364821
005 20151006082730.0
008 960429s1997 enka b 001 0 eng
010 |a  96018903  
020 |a 0521418909 (hardback) 
035 |a (OCoLC)34677022 
035 |9 AHJ4138AM 
040 |a DLC  |c DLC  |d TXA  |d UtOrBLW 
049 |a TXAM 
050 0 0 |a QC174.85.S34  |b B33 1997 
082 0 0 |a 501/.17  |2 20 
100 1 |a Badii, R. 
245 1 0 |a Complexity :  |b hierarchical structures and scaling in physics /  |c R. Badii, A. Politi. 
264 1 |a Cambridge ;  |a New York :  |b Cambridge University Press,  |c 1997. 
300 |a xiii, 318 pages :  |b illustrations ;  |c 26 cm. 
336 |a text  |b txt  |2 rdacontent 
337 |a unmediated  |b n  |2 rdamedia 
338 |a volume  |b nc  |2 rdacarrier 
490 1 |a Cambridge nonlinear science series ;  |v 6 
504 |a Includes bibliographical references (pages 293-310) and index. 
650 0 |a Scaling laws (Statistical physics) 
650 0 |a Complexity (Philosophy) 
650 0 |a Mathematical physics. 
700 1 |a Politi, A. 
830 0 |a Cambridge nonlinear science series ;  |v 6. 
999 |a MARS 
999 f f |s 29d7fdf2-8343-3c38-be70-b9a4c78f3e07  |i b10061bd-8c62-330c-aacd-99df31436b4b  |t 0 
952 f f |p normal  |a Texas A&M University  |b Galveston Campus  |c Jack K. Williams Library  |d Galveston Stacks  |t 0  |e QC174.85.S34 B33 1997  |h Library of Congress classification  |i unmediated -- volume  |m 33620000819827 
952 f f |p normal  |a Texas A&M University  |b College Station  |c Sterling C. Evans Library  |d Evans: Library Stacks  |t 0  |e QC174.85.S34 B33 1997  |h Library of Congress classification  |i unmediated -- volume  |m A14821259750 
998 f f |a QC174.85.S34 B33 1997  |t 0  |l Evans: Library Stacks 
998 f f |a QC174.85.S34 B33 1997  |t 0  |l Galveston Stacks